| 000 | 00652nam a22002297a 4500 | ||
|---|---|---|---|
| 999 |
_c6788 _d6788 |
||
| 001 | 6788 | ||
| 003 | BD-JhCC | ||
| 005 | 20180207124828.0 | ||
| 008 | 180130b xxu||||| |||| 00| 0 eng d | ||
| 035 | _a(BD-JhCC)6788 | ||
| 040 |
_aBD-JhCC _dBD-JhCC |
||
| 041 | _aeng | ||
| 082 |
_a658.3 _bDAV 1972 |
||
| 100 | _aDavis, Keith | ||
| 245 |
_aHuman Behavior at Work Human relations and Organizational Behavior / _c Keith Davis |
||
| 260 |
_aNew Delhi : _bTata Mc Graw- Hill Publishing Company Ltd. _c1975. |
||
| 300 |
_a583 p. : _c26 cm. |
||
| 650 | _aIndustrial Sociology | ||
| 650 | _aOrganizational behavior | ||
| 942 |
_2ddc _cBK |
||